Jesus and the twelve. (Record no. 5114)

000 -LEADER
fixed length control field 00532nam a2200181 a 4500
001 - CONTROL NUMBER
control field :::00002855$&:&@@
003 - CONTROL NUMBER IDENTIFIER
control field OkBaRHE
005 - DATE AND TIME OF LATEST TRANSACTION
control field 20000607103257.0
008 - FIXED-LENGTH DATA ELEMENTS--GENERAL INFORMATION
fixed length control field s1969 j 000 0 eng u
040 ## - CATALOGING SOURCE
Transcribing agency
245 10 - TITLE STATEMENT
Title Jesus and the twelve.
260 ## - PUBLICATION, DISTRIBUTION, ETC. (IMPRINT)
Place of publication, distribution, etc Gastonia, NC., :
Name of publisher, distributor, etc Good Will Publishers
Date of publication, distribution, etc c1969
300 ## - PHYSICAL DESCRIPTION
Extent 28 p. ;
Dimensions 26 cm.
650 ## - SUBJECT ADDED ENTRY--TOPICAL TERM
Topical term or geographic name as entry element Apostles
650 ## - SUBJECT ADDED ENTRY--TOPICAL TERM
Topical term or geographic name as entry element Bible New Testament
General subdivision Biography
942 ## - ADDED ENTRY ELEMENTS (KOHA)
Source of classification or shelving scheme
Koha item type Books
Copies
Shelving location Withdrawn status Source of classification or shelving scheme Barcode Date last seen Permanent Location Damaged status Koha item type Copy number Lost status Price effective from Not for loan Date acquired Full call number
General Stacks  28552018-03-16RHEMA Bible Training College Books1 2010-04-14 2010-04-14BS 2440 .J4